Vznik centrálních bank a legitimita měny
Súčasné menové problémy majú svoje korene v histórii peňazí. Rozpor medzi súkromným a centrálnym bankovníctvom. Rozvoj platobných systémov a vznik centrálnych bánk. Anglická banka na peňažnom trhu. Nezávislosť centrálnych bánk.
Guardado en:
| Autor principal: | |
|---|---|
| Formato: | Capítulo de libro |
| Lenguaje: | checo |
| Materias: | |
| Etiquetas: |
Sin Etiquetas, Sea el primero en etiquetar este registro!
|
MARC
| LEADER | 00000naa a2200000 4500 | ||
|---|---|---|---|
| 001 | r015853 | ||
| 005 | 20221205090752.1 | ||
| 041 | 0 | |a cze | |
| 044 | |a CZ | ||
| 245 | 1 | 0 | |a Vznik centrálních bank a legitimita měny |c M. Aglietta |
| 520 | |a Súčasné menové problémy majú svoje korene v histórii peňazí. Rozpor medzi súkromným a centrálnym bankovníctvom. Rozvoj platobných systémov a vznik centrálnych bánk. Anglická banka na peňažnom trhu. Nezávislosť centrálnych bánk. | ||
| 610 | 2 | 0 | |a banky emisné |
| 610 | 2 | 0 | |a mena |
| 610 | 2 | 0 | |a bankovníctvo |
| 610 | 2 | 0 | |a peniaze |
| 610 | 2 | 0 | |a legitimita |
| 610 | 2 | 0 | |a trh finančný |
| 610 | 2 | 0 | |a Anglická banka Londýn |
| 610 | 2 | 0 | |a Bundesbank |
| 610 | 2 | 0 | |a politika menová |
| 610 | 2 | 0 | |a reformy menové |
| 100 | 1 | |a Aglietta, M. | |